书目信息 |
| 题名: |
口译理论与实践教程
|
|
| 作者: | 秦小雅 编著 | |
| 分册: | ||
| 出版信息: | 北京 中国水利水电出版社 2010.04 |
|
| 页数: | 204页 | |
| 开本: | 26cm | |
| 丛书名: | ||
| 单 册: | ||
| 中图分类: | H315.9 | |
| 科图分类: | ||
| 主题词: | 英语--口译--高等学校--教材 , 口译 , 英语 | |
| 电子资源: | ||
| ISBN: | 978-7-5084-7352-9 | |
| 000 | 01121nam0 2200301 450 | |
| 001 | 1260497838 | |
| 005 | 20120107164839.96 | |
| 010 | @a978-7-5084-7352-9@dCNY26.00 | |
| 090 | @aH315.9@bqxy | |
| 096 | @aH315.9@bqxy | |
| 100 | @a20100714d2010 em y0chiy50 ea | |
| 101 | 0 | @achi@aeng |
| 102 | @aCN@b110000 | |
| 105 | @ay z 000yy | |
| 200 | 1 | @a口译理论与实践教程@b专著@f秦小雅编著@9kou yi li lun yu shi jian jiao cheng |
| 210 | @a北京@c中国水利水电出版社@d2010.04 | |
| 215 | @a204页@d26cm | |
| 300 | @a21世纪高等院校规划教材 | |
| 312 | @a封面英文题名:Textbook of interpretation theory and practice | |
| 330 | @a本书共分16章,其中前五章主要介绍口译的基础理论知识。从第六章开始,进行十个专题的讲解和训练,包括大学教育、中国社会、中国外交、中国经济、中国教育、体育与奥运、两岸关系、中国传统文化、中国旅游和中国饮食文化。 | |
| 510 | 1 | @aTextbook of interpretation theory and practice@zeng |
| 606 | 0 | @a英语@x口译@x高等学校@j教材 |
| 606 | 0 | @a口译 |
| 606 | 0 | @a英语 |
| 690 | @aH315.9@v4 | |
| 701 | 0 | @a秦小雅@c(女)@4编著@9qin xiao ya |
| 801 | 0 | @aCN@b110019@c20100524 |
| 905 | @aZUCC@dH315.9@eQ448 | |
| 口译理论与实践教程/秦小雅编著.-北京:中国水利水电出版社,2010.04 |
| 204页;26cm |
| 21世纪高等院校规划教材 |
| ISBN 978-7-5084-7352-9:CNY26.00 |
| 本书共分16章,其中前五章主要介绍口译的基础理论知识。从第六章开始,进行十个专题的讲解和训练,包括大学教育、中国社会、中国外交、中国经济、中国教育、体育与奥运、两岸关系、中国传统文化、中国旅游和中国饮食文化。 |
| ● |
| 相关链接 |
|
|
|
正题名:口译理论与实践教程
索取号:H315.9/Q448
 
预约/预借
| 序号 | 登录号 | 条形码 | 馆藏地/架位号 | 状态 | 备注 |
| 1 | 480576 | 204805764 | 语言库209/209语言库 39排4列1层/ [索取号:H315.9/Q448] | 在馆 | |
| 2 | 480577 | 204805773 | 语言库209/209语言库 39排4列1层/ [索取号:H315.9/Q448] | 在馆 | |
| 3 | 480578 | 204805782 | 语言库209/209语言库 39排4列1层/ [索取号:H315.9/Q448] | 在馆 |